Principles of Mahomedan law: (Record no. 183140)

MARC details
000 -LEADER
fixed length control field 00609 a2200193 4500
005 - DATE AND TIME OF LATEST TRANSACTION
control field 20211217131112.0
010 ## - LCCN (DPL NO)
LC control number ENG-130393
020 ## - INTERNATIONAL STANDARD BOOK NUMBER
International Standard Book Number 978-93-91211-26-4
Terms of availability 1495.00
035 ## - SYSTEM CONTROL NUMBER
System control number EN-113925
037 ## - SOURCE OF ACQUISITION
Source of stock number/acquisition DBAD/PUB
082 ## - DEWEY DECIMAL CLASSIFICATION NUMBER
Classification number 297.14
Item number 1
100 ## - MAIN ENTRY--PERSONAL NAME
Personal name Mulla, Dinshaw Fardunji
245 ## - TITLE STATEMENT
Title Principles of Mahomedan law:
Statement of responsibility, etc Dinshaw Fardunji Mulla
250 ## - EDITION STATEMENT
Edition statement 23th Edition
260 ## - PUBLICATION, DISTRIBUTION, ETC. (IMPRINT)
Place of publication, distribution, etc Haryana
Name of publisher, distributor, etc Lexis Nexis
Date of publication, distribution, etc 2021
270 ## - ADDRESS
Address 14th floor Building No 10, Tower-B,DLF Cyber City, Phase-II
City Gurgaon
Postal code 122002
300 ## - PHYSICAL DESCRIPTION
Extent cii,872p.
Dimensions 24cm (pbk)
942 ## - ADDED ENTRY ELEMENTS (KOHA)
Institution code [OBSOLETE] dpl
Item type English Books
Source of classification or shelving scheme Dewey Decimal Classification
Classification part 297.14
Call number suffix MUL
Holdings
Withdrawn status Lost status Not for loan Collection code Home library Current library Date acquired Source of acquisition Cost, normal purchase price Full call number Barcode Copy number Cost, replacement price Koha item type
      Non-fiction Bawana Bawana 17/12/2021 DBAD/PUB 1495.00 297.14 MUL EN-113925 1 1495.00 English Books

© Delhi Public Library
Hit Counter
free hit counter